Súvislosti členstva SR v EÚ z pohľadu proexportnej politiky

Stručný vývoj organizácie proexportnej politiky v SR. Dôsledky členstva v EÚ pre proexportnú politiku. Význam zahraničného obchodu v ekonomike SR a proexportná politika. Podiel obchodu s EÚ-15 na celkovom obchode. Hlavné oblasti funkcionálnej podpory exportu.

Salvato in:
Dettagli Bibliografici
Autore principale: Csabay, Marek
Natura: Capitolo di libro
Lingua:slovacco
Soggetti:
Tags: Aggiungi Tag
Nessun Tag, puoi essere il primo ad aggiungerne!!

MARC

LEADER 00000naa$a2200000$$$4500
001 0031168
005 20240502071436.5
041 0 |a slo 
044 |a SK 
245 1 0 |a Súvislosti členstva SR v EÚ z pohľadu proexportnej politiky  |c Marek Csabay 
520 |a Stručný vývoj organizácie proexportnej politiky v SR. Dôsledky členstva v EÚ pre proexportnú politiku. Význam zahraničného obchodu v ekonomike SR a proexportná politika. Podiel obchodu s EÚ-15 na celkovom obchode. Hlavné oblasti funkcionálnej podpory exportu. 
610 2 0 |a Európska únia 
610 2 0 |a obchod zahraničný 
610 2 0 |a politika obchodná 
610 2 0 |a Slovensko 
610 2 0 |a podpora vývozu 
610 2 0 |a politika zahraničnoobchodná 
100 1 |a Csabay, Marek